| 000 | 01054nas a2200337 4500 | ||
|---|---|---|---|
| 001 | BR2017001682 | ||
| 003 | BR-BrBNA | ||
| 005 | 20231205131002.0 | ||
| 007 | ta | ||
| 008 | 230509b bl.|||p| |||| 00| 00por d | ||
| 040 |
_aBR-BrBNA _bpor _cBiblioteca Nacional de Agricultura |
||
| 041 | _a(Pt) | ||
| 072 | _aK10 | ||
| 100 | 1 | _aJeromini, T.S. | |
| 100 | 1 | _aFachinelli, R. | |
| 100 | 1 | _aSilva, G.Z. da | |
| 100 | 1 | _aPereira, S.T.S. | |
| 100 | 1 | _aScalon, S. de P.Q. | |
| 245 | 1 | _aEmergência de plântulas e crescimento inicial de copaíba sob diferentes substratos | |
| 650 | _aCOPAÍBA | ||
| 650 | _aÁRVORE ANGIOSPERMA | ||
| 650 | _aMUDA | ||
| 650 | _aCRESCIMENTO | ||
| 650 | _aPLÂNTULA | ||
| 650 | _aSUBSTRATO DE CULTURA | ||
| 650 | _aREFLORESTAMENTO | ||
| 773 | 0 |
_tPesquisa Florestal Brasileira (Brazil) _xISSN 1983-2605 _g(Apr-Jun 2017), v. 37(90) p. 219-223 _wBR2017001682 |
|
| 856 | 4 | 0 | _uhttp://pfb.cnpf.embrapa.br/pfb/index.php/pfb/article/view/1189/576 |
| 909 |
_a202311 _bLúcia _c55 _dLúcia Elande |
||
| 942 |
_2AGRIS _n0 _cANA |
||
| 999 |
_c252434 _d252434 |
||